[Event "Ruhrgebiet-ch U16"]
[Site "Muelheim"]
[Date "2003.04.15"]
[Round "6"]
[White "Beyersdorff, Marc Andre"]
[Black "Sharma, Danesh"]
[Result "1/2-1/2"]
[WhiteElo "1244"]
[BlackElo "1269"]
[PlyCount "57"]
[EventDate "2003.04.??"]
[EventType "swiss"]
[EventRounds "7"]
[EventCountry "GER"]
[SourceTitle "EXT 2005"]
[Source "ChessBase"]
[SourceDate "2004.11.15"]
[SourceVersion "1"]
[SourceVersionDate "2004.11.15"]
[SourceQuality "1"]

1. e4 e5 2. Nf3 Nc6 3. Bb5 d6 4. d4 exd4 5. Nxd4 Bd7 6. Nc3 Nf6 7. 0-0 g6 8. Re1 Ne5 9. f4 Nc6 10. Bxc6 Bxc6 11. Nxc6 bxc6 12. e5 dxe5 13. Rxe5+ Be7 14. Be3 0-0 15. Qxd8 Bxd8 16. Bc5 Re8 17. Rae1 Rxe5 18. Rxe5 Kg7 19. Bd4 c5 20. Rxc5 Rb8 21. Ne4 Rb6 22. Rd5 Re6 23. Nc5 Rd6 24. Rxd6 cxd6 25. Nd7 h6 26. g4 g5 27. h4 Kg6 28. h5+ Kg7 29. Nxf6 1/2-1/2

[Event "Ruhrgebiet-ch U16"]
[Site "Muelheim"]
[Date "2002.03.23"]
[Round "1"]
[White "Beyersdorff, Marc Andre"]
[Black "Lang, Daniel"]
[Result "0-1"]
[WhiteElo "968"]
[BlackElo "1441"]
[PlyCount "48"]
[EventDate "2002.??.??"]
[EventType "swiss"]
[EventRounds "7"]
[EventCountry "GER"]
[SourceTitle "EXT 2003"]
[Source "ChessBase"]
[SourceDate "2002.11.25"]
[SourceVersion "1"]
[SourceVersionDate "2002.11.25"]
[SourceQuality "1"]

1. e4 d5 2. exd5 Qxd5 3. Nc3 Qa5 4. d4 c6 5. Bd2 Bf5 6. Nf3 Nd7 7. Be2 e6 8. 0-0 Ngf6 9. Ne4 Qc7 10. Nxf6+ gxf6 11. Re1 Bd6 12. c4 0-0-0 13. c5 Bf4 14. b4 Be4 15. Bxf4 Qxf4 16. Rc1 Rhg8 17. g3 Ne5 18. Nxe5 fxe5 19. Rc4 Bd5 20. Kf1 Qh6 21. Rc2 Qxh2 22. Bf3 exd4 23. Rd2 Bc4+ 24. Be2 Qh1# 0-1